[Event "9th Bangabandhu Team Mixed 2021"]
[Site "Dhaka"]
[Date "2021.04.04"]
[Round "1.7"]
[White "Hasan, Sk. Rashedul"]
[Black "Hossain, Enamul"]
[Result "0-1"]
[WhiteElo "1918"]
[BlackElo "2404"]
[Annotator "TA"]
[PlyCount "66"]
[EventDate "2021.04.04"]
[EventType "team-tourn"]
[EventCountry "BAN"]
[SourceTitle "playchess.com"]
[Source "ChessBase"]
[SourceQuality "1"]

{[%evp 9,66,0,4,13,11,2,30,30,36,21,81,18,13,6,31,21,38,0,0,0,1,0,0,0,0,-78,-81,-165,-158,-239,-239,-239,-231,-239,-239,-245,-243,-240,-245,-243,-243,-293,-286,-296,-296,-296,-294,-288,-294,-306,-300,-324,-324,-414,-420,-515,-471,-889,-877]} 1. e4 {Tiviakov,S} c5 2. Nc3 a6 3. f4 b5 4. d4 cxd4 5. Qxd4 e6 6. Nf3 {B23: Closed Sicilian: Lines without g3.} Bb7 7. Bd3 Nf6 8. e5 {White has an edge.} Nc6 {[%cal Bb8c6,Bc6a5,Ba5c4,Bc4a3][%mdl 32]} 9. Qf2 {[#]} b4 $146 {[#]} ({Predecessor:} 9... Ng4 10. Qe2 Nb4 11. Be4 d5 12. exd6 Bxe4 13. Nxe4 {½-½ (13) Tiviakov,S (2637)-Vachier Lagrave,M (2721) Sibenik 2010 CBM 138 Extra [Tiviakov,S]}) 10. Ne4 (10. Na4 $1 $16 Nd5 11. O-O) 10... Nxe4 $11 11. Bxe4 Na5 12. Bd3 Qc7 13. Be3 {Strongly threatening Bb6.} Nc4 14. Bd4 Rc8 15. O-O-O Bd5 16. Kb1 Qa5 17. b3 (17. Bxc4 $11 {keeps the balance.} Rxc4 18. Nd2) 17... Na3+ $17 {White is on the road to losing.} 18. Kc1 (18. Ka1 $17) 18... Nb5 $19 19. Kd2 (19. Bxb5 $17 axb5 20. Kd2) 19... Nxd4 ({Not} 19... Qxa2 $2 20. Ra1 $18) 20. Qxd4 Bc5 ({Don't go for} 20... Qxa2 $2 21. Ra1 $18) 21. Qb2 Qb6 {White must now prevent ...Be3+.} 22. Rde1 Bxf3 23. gxf3 Bd4 24. Qc1 Bc3+ 25. Kd1 Bxe1 26. Rxe1 Qf2 27. Qe3 Qxe3 28. Rxe3 {[%mdl 4096] Endgame KRR-KRB} a5 29. Bb5 Rc5 30. Bc4 Ke7 31. Rd3 Rd8 32. Kd2 d5 33. Ba6 (33. exd6+ $142 Rxd6 34. Rxd6 Kxd6 35. h3) 33... Ra8 {Weighted Error Value: White=0.52/Black=0.06} 0-1

[Event "9th Bangabandhu Team Mixed 2021"]
[Site "Dhaka"]
[Date "2021.04.04"]
[Round "1.8"]
[White "Jannatul, Ferdous"]
[Black "Wadifa, Ahmed"]
[Result "1-0"]
[WhiteElo "1778"]
[BlackElo "1595"]
[Annotator "NA"]
[PlyCount "58"]
[EventDate "2021.04.04"]
[EventType "team-tourn"]
[EventCountry "BAN"]
[SourceTitle "playchess.com"]
[Source "ChessBase"]
[SourceQuality "1"]
[TimeControl "1500+10"]

1. e4 {[%emt 0:00:00]} c5 {[%emt 0:00:00]} 2. Nf3 {[%emt 0:00:00]} e6 {[%emt 0:00:00]} 3. d4 {[%emt 0:00:00]} cxd4 {[%emt 0:00:00]} 4. Nxd4 {[%emt 0:00:00]} Nc6 {[%emt 0:00:00]} 5. a3 {[%emt 0:00:00]} a6 {[%emt 0:00:00]} 6. Nc3 {[%emt 0:00:00]} Qc7 {[%emt 0:00:00]} 7. Be3 {[%emt 0:00:00]} Nf6 {[%emt 0:00:00]} 8. Bd3 {[%emt 0:00:00]} b5 {[%emt 0:00:00]} 9. O-O {[%emt 0:00:00]} Bb7 {[%emt 0:00:00]} 10. Kh1 {[%emt 0:00:00]} Nxd4 {[%emt 0:00:00]} 11. Bxd4 {[%emt 0:00:00]} Bc5 {[%emt 0:00:00]} 12. Bxc5 {[%emt 0:00:00]} Qxc5 {[%emt 0:00:00]} 13. Qe2 {[%emt 0:00:00]} d6 {[%emt 0:00:00]} 14. Rad1 {[%emt 0:00:00]} O-O {[%emt 0:00:00]} 15. f4 {[%emt 0:00:00]} e5 {[%emt 0:00:00]} 16. f5 {[%emt 0:00:00]} Rfe8 {[%emt 0:00:00]} 17. Rd2 {[%emt 0:00:00]} b4 {[%emt 0:00:00]} 18. axb4 {[%emt 0:00:00]} Qxb4 {[%emt 0:00:00]} 19. Bc4 {[%emt 0:00:00]} Rac8 {[%emt 0:00:00]} 20. Ba2 {[%emt 0:09:36]} Qxb2 {[%emt 0:00:00]} 21. Rb1 {[%emt 0:00:34]} Qxc3 {[%emt 0:00:00]} 22. Rxb7 {[%emt 0:00:51]} Qa1+ {[%emt 0:00:00]} 23. Bb1 {[%emt 0:06:44]} Rb8 {[%emt 0:00:00]} 24. Rb3 {[%emt 0:11:15]} Rxb3 {[%emt 0:00:00]} 25. cxb3 {[%emt 0:00:00]} Qxb1+ {[%emt 0:00:00]} 26. Rd1 {[%emt 0:00:00]} Qxb3 {[%emt 0:00:00]} 27. Rxd6 {[%emt 0:00:00]} Qb1+ {[%emt 0:00:00]} 28. Rd1 {[%emt 0:00:00]} Qxe4 {[%emt 0:00:00]} 29. Qxa6 {[%emt 0:00:00]} Qxf5 {[%emt 0:00:00]} 1-0

[Event "9th Bangabandhu Team Mixed 2021"]
[Site "Dhaka"]
[Date "2021.04.04"]
[Round "1.9"]
[White "Rahman, Ziaur"]
[Black "Rafi, Islam"]
[Result "1-0"]
[WhiteElo "2432"]
[BlackElo "1788"]
[Annotator "TA"]
[PlyCount "53"]
[EventDate "2021.04.04"]
[EventType "team-tourn"]
[EventCountry "BAN"]
[SourceTitle "playchess.com"]
[Source "ChessBase"]
[SourceQuality "1"]

{[%evp 17,53,36,30,34,37,25,31,27,31,37,38,33,113,93,111,124,269,272,233,241,1014,1016,1004,1004,965,970,1093,1118,1110,1114,5465,5465,5510,5381,29987,29988,29989,29988]} 1. d4 d5 2. Nf3 Nf6 3. g3 e6 4. Bg2 Bd6 5. c4 c6 6. Nc3 Nbd7 7. O-O O-O 8. b3 Re8 9. Bb2 b6 {9...b6 is better than 9...dxc4.} 10. Nd2 {E01: Catalan: Early deviations.} Bb7 11. e4 dxe4 12. Ndxe4 {White is slightly better.} Be7 {[#]} 13. Rc1 $146 ({Predecessor:} 13. Re1 Qc7 14. Qc2 Rad8 15. Rad1 h6 16. a3 Nxe4 17. Bxe4 Nf6 18. Bg2 a6 19. b4 {½-½ (41) Hirota da Silva,N (1881)-Araujo,S (2090) Sao Paulo 2019}) 13... Rc8 14. Re1 Qc7 {[#]} (14... Nxe4 $14 15. Nxe4 (15. Bxe4 Nf6 $11) 15... Nf6) 15. d5 $1 $16 {[%cal Rd5d6] d6 is the strong threat.} exd5 16. cxd5 {Strongly threatening d6.} Nxe4 (16... Qd8 $16 {was called for.}) 17. Nxe4 $18 ({Not} 17. Bxe4 Qd8 $16) 17... Bf8 18. Ng5 $40 {[%mdl 128] White wants a kill.} Ne5 (18... Nf6 19. Rxe8 Rxe8 20. dxc6 Ba6 21. Bxf6 gxf6) 19. Rxe5 Rxe5 20. Bxe5 Qxe5 21. Qh5 {[%csl Gg5][%cal Rh5h7][%mdl 64] [#] Double Attack} h6 22. Qxf7+ {[%mdl 64] Double Attack} Kh8 23. Qxb7 {[%mdl 64] White wants to mate with Nf7+. Double Attack} Qxg5 24. Qxc8 Qxc1+ 25. Bf1 Qc5 26. dxc6 Qd6 27. c7 {Black did not feel at home in the position after the opening.  Weighted Error Value: White=0.00/Black=0.79} 1-0

[Event "9th Bangabandhu Team Mixed 2021"]
[Site "Dhaka"]
[Date "2021.04.04"]
[Round "1.9"]
[White "Islam, Khandaker Aminul"]
[Black "Hossain, Delwar"]
[Result "*"]
[WhiteElo "2210"]
[BlackElo "2054"]
[Annotator "RC"]
[PlyCount "53"]
[EventDate "2021.04.04"]
[EventType "team-tourn"]
[EventCountry "BAN"]
[SourceTitle "playchess.com"]
[Source "ChessBase"]
[SourceQuality "1"]
[TimeControl "1500+10"]

1. d4 {[%emt 0:25:10]} d5 {[%emt 0:00:00]} 2. Nf3 {[%emt 0:00:00]} Nf6 {[%emt 0:00:00]} 3. g3 {[%emt 0:00:00]} e6 {[%emt 0:25:30]} 4. Bg2 {[%emt 0:00:00]} Bd6 {[%emt 0:00:00]} 5. c4 {[%emt 0:00:00]} c6 {[%emt 0:00:00]} 6. Nc3 {[%emt 0:00:00]} Nbd7 {[%emt 0:00:00]} 7. O-O {[%emt 0:00:00]} O-O {[%emt 0:00:00]} 8. b3 {[%emt 0:00:00]} Re8 {[%emt 0:00:00]} 9. Bb2 {[%emt 0:00:00]} b6 {[%emt 0:00:00]} 10. Nd2 {[%emt 0:00:00]} Bb7 {[%emt 0:00:00]} 11. e4 {[%emt 0:00:00]} dxe4 {[%emt 0:00:00]} 12. Ndxe4 {[%emt 0:00:00]} Be7 {[%emt 0:00:00]} 13. Rc1 {[%emt 0:00:00]} Rc8 {[%emt 0:00:00]} 14. Re1 {[%emt 0:00:00]} Qc7 {[%emt 0:00:00]} 15. d5 {[%emt 0:00:00]} exd5 {[%emt 0:00:00]} 16. cxd5 {[%emt 0:00:00]} Nxe4 {[%emt 0:00:00]} 17. Nxe4 {[%emt 0:00:00]} Bf8 {[%emt 0:00:00]} 18. Ng5 {[%emt 0:00:00]} Ne5 {[%emt 0:08:26]} 19. Rxe5 {[%emt 0:00:00]} Rxe5 {[%emt 0:00:23]} 20. Bxe5 {[%emt 0:00:00]} Qxe5 {[%emt 0:00:00]} 21. Qh5 {[%emt 0:00:00]} h6 {[%emt 0:01:18]} 22. Qxf7+ {[%emt 0:00:00]} Kh8 {[%emt 0:00:00]} 23. Qxb7 {[%emt 0:00:00]} Qxg5 {[%emt 0:00:03]} 24. Qxc8 {[%emt 0:00:00]} Qxc1+ {[%emt 0:09:04]} 25. Bf1 {[%emt 0:00:00]} Qc5 {[%emt 0:00:51]} 26. dxc6 {[%emt 0:00:00]} Qd6 {[%emt 0:05:29]} 27. c7 {[%emt 0:00:00]} *

[Event "9th Bangabandhu Team Mixed 2021"]
[Site "Dhaka"]
[Date "2021.04.04"]
[Round "1.10"]
[White "Mohammed Abdul, Malek"]
[Black "Mohammad Fahad, Rahman"]
[Result "0-1"]
[WhiteElo "2125"]
[BlackElo "2321"]
[Annotator "RC"]
[PlyCount "110"]
[EventDate "2021.04.04"]
[EventType "team-tourn"]
[EventCountry "BAN"]
[SourceTitle "playchess.com"]
[Source "ChessBase"]
[SourceQuality "1"]
[TimeControl "1500+10"]

1. d4 {[%emt 0:00:00]} d5 {[%emt 0:00:00]} 2. Nf3 {[%emt 0:00:00]} Nf6 {[%emt 0:00:00]} 3. Bf4 {[%emt 0:00:00]} c5 {[%emt 0:00:00]} 4. e3 {[%emt 0:00:00]} Nc6 {[%emt 0:00:00]} 5. c3 {[%emt 0:00:00]} Qb6 {[%emt 0:00:00]} 6. Qc1 {[%emt 0:00:00]} Bf5 {[%emt 0:00:00]} 7. dxc5 {[%emt 0:00:00]} Qxc5 {[%emt 0:00:00]} 8. Nbd2 {[%emt 0:00:00]} Rc8 {[%emt 0:00:00]} 9. Be2 {[%emt 0:00:00]} g6 {[%emt 0:00:00]} 10. O-O {[%emt 0:00:00]} Bg7 {[%emt 0:00:00]} 11. Nb3 {[%emt 0:00:00]} Qb6 {[%emt 0:00:00]} 12. Nbd4 {[%emt 0:00:00]} Bd7 {[%emt 0:00:00]} 13. Ne5 {[%emt 0:00:00]} O-O {[%emt 0:00:00]} 14. Bf3 {[%emt 0:00:00]} Rfd8 {[%emt 0:00:00]} 15. Rd1 {[%emt 0:00:00]} Be8 {[%emt 0:00:00]} 16. Qc2 {[%emt 0:00:00]} Nd7 {[%emt 0:00:00]} 17. Nxd7 {[%emt 0:00:00]} Bxd7 {[%emt 0:00:00]} 18. Qb3 {[%emt 0:00:00]} e5 {[%emt 0:00:00]} 19. Nxc6 {[%emt 0:00:00]} bxc6 {[%emt 0:00:00]} 20. Bg5 {[%emt 0:00:00]} Re8 {[%emt 0:00:00]} 21. e4 {[%emt 0:00:00]} d4 {[%emt 0:00:00]} 22. Be2 {[%emt 0:00:00]} Be6 {[%emt 0:00:00]} 23. Qc2 {[%emt 0:00:00]} c5 {[%emt 0:00:00]} 24. c4 {[%emt 0:00:00]} Rb8 {[%emt 0:00:00]} 25. b3 {[%emt 0:00:00]} Bd7 {[%emt 0:00:00]} 26. Bd3 {[%emt 0:00:00]} Bf6 {[%emt 0:00:00]} 27. Qd2 {[%emt 0:00:00]} Bxg5 {[%emt 0:00:00]} 28. Qxg5 {[%emt 0:00:00]} Kg7 {[%emt 0:00:00]} 29. h4 {[%emt 0:01:53]} Qf6 {[%emt 0:00:00]} 30. f3 {[%emt 0:03:29]} a5 {[%emt 0:00:00]} 31. Kf2 {[%emt 0:05:07]} Rb4 {[%emt 0:00:00]} 32. Rab1 {[%emt 0:01:47]} Ra8 {[%emt 0:00:00]} 33. Qxf6+ {[%emt 0:03:17]} Kxf6 {[%emt 0:00:00]} 34. a4 {[%emt 0:00:00]} h5 {[%emt 0:00:00]} 35. Ke2 {[%emt 0:00:00]} Kg7 {[%emt 0:00:00]} 36. Kd2 {[%emt 0:00:28]} Rab8 {[%emt 0:00:08]} 37. Kc2 {[%emt 0:00:23]} R4b6 {[%emt 0:02:08]} 38. Rh1 {[%emt 0:01:19]} f5 {[%emt 0:01:06]} 39. Rhe1 {[%emt 0:00:30]} f4 {[%emt 0:01:57]} 40. Rh1 {[%emt 0:01:28]} Kh6 {[%emt 0:00:06]} 41. Be2 {[%emt 0:01:43]} g5 {[%emt 0:00:15]} 42. hxg5+ {[%emt 0:00:20]} Kxg5 {[%emt 0:00:00]} 43. Bd3 {[%emt 0:00:05]} Bxa4 {[%emt 0:00:00]} 44. bxa4 {[%emt 0:04:28]} Rxb1 {[%emt 0:00:00]} 45. Rxb1 {[%emt 0:00:00]} Rxb1 {[%emt 0:00:00]} 46. Kxb1 {[%emt 0:00:00]} Kh4 {[%emt 0:00:00]} 47. g4 {[%emt 0:00:40]} fxg3 {[%emt 0:00:20]} 48. Bf1 {[%emt 0:00:00]} Kg5 {[%emt 0:00:00]} 49. Kc2 {[%emt 0:00:45]} Kf4 {[%emt 0:00:00]} 50. Bg2 {[%emt 0:00:00]} h4 {[%emt 0:00:22]} 51. Kd2 {[%emt 0:05:15]} h3 {[%emt 0:00:00]} 52. Bxh3 {[%emt 0:00:12]} Kxf3 {[%emt 0:00:00]} 53. Ke1 {[%emt 0:00:00]} g2 {[%emt 0:00:00]} 54. Bxg2+ {[%emt 0:00:20]} Kxg2 {[%emt 0:00:00]} 55. Ke2 {[%emt 0:00:09]} Kg3 {[%emt 0:00:00]} 0-1

[Event "9th Bangabandhu Team Mixed 2021"]
[Site "Dhaka"]
[Date "2021.04.04"]
[Round "1.11"]
[White "Subrota, Biswas"]
[Black "ariful, Amin"]
[Result "*"]
[WhiteElo "2256"]
[BlackElo "1946"]
[Annotator "ChessBase"]
[PlyCount "101"]
[EventDate "2021.04.04"]
[EventType "team-tourn"]
[EventCountry "BAN"]
[SourceTitle "playchess.com"]
[Source "ChessBase"]
[SourceQuality "1"]
[TimeControl "1500+10"]

1. d4 {[%emt 0:25:10]} Nf6 {[%emt 0:25:10]} 2. Nf3 {[%emt 0:00:10]} c5 {[%emt 0:00:10]} 3. d5 {[%emt 0:00:10]} g6 {[%emt 0:00:10]} 4. Nc3 {[%emt 0:00:10]} Bg7 {[%emt 0:00:10]} 5. e4 {[%emt 0:00:10]} d6 {[%emt 0:00:10]} 6. Nd2 {[%emt 0:00:10]} a6 {[%emt 0:00:10]} 7. a4 {[%emt 0:00:10]} O-O {[%emt 0:00:10]} 8. Be2 {[%emt 0:00:10]} e6 {[%emt 0:00:10]} 9. O-O {[%emt 0:00:10]} exd5 {[%emt 0:00:10]} 10. exd5 {[%emt 0:00:10]} Re8 {[%emt 0:00:10]} 11. Nc4 {[%emt 0:00:10]} Ne4 {[%emt 0:00:10]} 12. Nxe4 {[%emt 0:00:10]} Rxe4 {[%emt 0:00:10]} 13. c3 {[%emt 0:00:10]} Qc7 {[%emt 0:00:10]} 14. Bd3 {[%emt 0:00:10]} Re8 {[%emt 0:00:10]} 15. Bf4 {[%emt 0:00:10]} Bf8 {[%emt 0:00:10]} 16. Qf3 {[%emt 0:00:10]} Nd7 {[%emt 0:00:10]} 17. Qg3 {[%emt 0:00:10]} Ne5 {[%emt 0:00:10]} 18. Rfe1 {[%emt 0:00:10]} f6 {[%emt 0:00:10]} 19. Bxe5 {[%emt 0:00:10]} fxe5 {[%emt 0:00:10]} 20. f4 {[%emt 0:00:10]} exf4 {[%emt 0:00:10]} 21. Qxf4 {[%emt 0:00:10]} Qf7 {[%emt 0:00:10]} 22. Qg3 {[%emt 0:00:10]} Rxe1+ {[%emt 0:00:10]} 23. Rxe1 {[%emt 0:00:10]} Bf5 {[%emt 0:00:10]} 24. Bxf5 {[%emt 0:00:10]} Qxf5 {[%emt 0:00:10]} 25. Rf1 {[%emt 0:00:10]} Qe4 {[%emt 0:00:10]} 26. Nb6 {[%emt 0:00:10]} Re8 {[%emt 0:00:10]} 27. Nd7 {[%emt 0:00:10]} Bg7 {[%emt 0:00:10]} 28. Qxd6 {[%emt 0:00:10]} Qe3+ {[%emt 0:00:10]} 29. Kh1 {[%emt 0:00:10]} Qe2 {[%emt 0:00:10]} 30. Qf4 {[%emt 0:00:10]} Qe7 {[%emt 0:00:10]} 31. Nb6 {[%emt 0:00:10]} Rf8 {[%emt 0:00:10]} 32. Qc4 {[%emt 0:00:10]} Rxf1+ {[%emt 0:00:10]} 33. Qxf1 {[%emt 0:00:10]} Be5 {[%emt 0:00:10]} 34. Qe1 {[%emt 0:00:10]} Qg5 {[%emt 0:00:10]} 35. Nc4 {[%emt 0:00:10]} Bxh2 {[%emt 0:00:10]} 36. Kxh2 {[%emt 0:00:10]} Qf4+ {[%emt 0:00:10]} 37. Kg1 {[%emt 0:00:10]} Qxc4 {[%emt 0:00:10]} 38. Qe8+ {[%emt 0:00:10]} Kg7 {[%emt 0:00:10]} 39. d6 {[%emt 0:00:10]} Qf4 {[%emt 0:00:10]} 40. d7 {[%emt 0:00:10]} Qc1+ {[%emt 0:00:10]} 41. Kf2 {[%emt 0:00:10]} Qf4+ {[%emt 0:00:10]} 42. Ke2 {[%emt 0:00:10]} Qg4+ {[%emt 0:00:10]} 43. Ke1 {[%emt 0:00:10]} Qh4+ {[%emt 0:00:10]} 44. Kd2 {[%emt 0:00:10]} Qf2+ {[%emt 0:00:10]} 45. Kd3 {[%emt 0:00:10]} Qf1+ {[%emt 0:00:10]} 46. Kc2 {[%emt 0:00:10]} Qxg2+ {[%emt 0:00:10]} 47. Kb3 {[%emt 0:00:10]} Qd5+ {[%emt 0:00:10]} 48. Ka3 {[%emt 0:00:10]} b5 {[%emt 0:00:10]} 49. axb5 {[%emt 0:00:10]} axb5 {[%emt 0:00:10]} 50. d8=Q {[%emt 0:00:10]} b4+ {[%emt 0:00:10]} 51. Ka4 {[%emt 0:00:10]} *

[Event "9th Bangabandhu Team Mixed 2021"]
[Site "Dhaka"]
[Date "2021.04.04"]
[Round "1.11"]
[White "Zia, Tahsin Tajwar"]
[Black "Mohammed, Kutubuddin"]
[Result "1-0"]
[WhiteElo "2170"]
[BlackElo "2057"]
[Annotator "NA"]
[PlyCount "101"]
[EventDate "2021.04.04"]
[EventType "team-tourn"]
[EventCountry "BAN"]
[SourceTitle "playchess.com"]
[Source "ChessBase"]
[SourceQuality "1"]
[TimeControl "1500+10"]

1. d4 {[%emt 0:25:10]} Nf6 {[%emt 0:25:10]} 2. Nf3 {[%emt 0:00:10]} c5 {[%emt 0:00:10]} 3. d5 {[%emt 0:00:10]} g6 {[%emt 0:00:10]} 4. Nc3 {[%emt 0:00:10]} Bg7 {[%emt 0:00:10]} 5. e4 {[%emt 0:00:10]} d6 {[%emt 0:00:10]} 6. Nd2 {[%emt 0:00:10]} a6 {[%emt 0:00:10]} 7. a4 {[%emt 0:00:10]} O-O {[%emt 0:00:10]} 8. Be2 {[%emt 0:00:10]} e6 {[%emt 0:00:10]} 9. O-O {[%emt 0:00:10]} exd5 {[%emt 0:00:10]} 10. exd5 {[%emt 0:00:10]} Re8 {[%emt 0:00:10]} 11. Nc4 {[%emt 0:00:10]} Ne4 {[%emt 0:00:10]} 12. Nxe4 {[%emt 0:00:10]} Rxe4 {[%emt 0:00:10]} 13. c3 {[%emt 0:00:10]} Qc7 {[%emt 0:00:10]} 14. Bd3 {[%emt 0:00:10]} Re8 {[%emt 0:00:10]} 15. Bf4 {[%emt 0:00:10]} Bf8 {[%emt 0:00:10]} 16. Qf3 {[%emt 0:00:10]} Nd7 {[%emt 0:00:10]} 17. Qg3 {[%emt 0:00:10]} Ne5 {[%emt 0:00:10]} 18. Rfe1 {[%emt 0:00:10]} f6 {[%emt 0:00:10]} 19. Bxe5 {[%emt 0:00:10]} fxe5 {[%emt 0:00:10]} 20. f4 {[%emt 0:00:10]} exf4 {[%emt 0:00:10]} 21. Qxf4 {[%emt 0:00:10]} Qf7 {[%emt 0:00:10]} 22. Qg3 {[%emt 0:00:10]} Rxe1+ {[%emt 0:00:10]} 23. Rxe1 {[%emt 0:00:10]} Bf5 {[%emt 0:00:10]} 24. Bxf5 {[%emt 0:00:10]} Qxf5 {[%emt 0:00:10]} 25. Rf1 {[%emt 0:00:10]} Qe4 {[%emt 0:00:10]} 26. Nb6 {[%emt 0:00:10]} Re8 {[%emt 0:00:10]} 27. Nd7 {[%emt 0:00:10]} Bg7 {[%emt 0:00:10]} 28. Qxd6 {[%emt 0:00:10]} Qe3+ {[%emt 0:00:10]} 29. Kh1 $2 {[%emt 0:00:10]} (29. Rf2 $11) 29... Qe2 {[%emt 0:00:10]} 30. Qf4 {[%emt 0:00:10]} Qe7 {[%emt 0:00:10]} 31. Nb6 {[%emt 0:00:10]} Rf8 {[%emt 0:00:10]} 32. Qc4 {[%emt 0:00:10]} Rxf1+ {[%emt 0:00:10]} 33. Qxf1 {[%emt 0:00:10]} Be5 {[%emt 0:00:10]} 34. Qe1 {[%emt 0:00:10]} Qg5 {[%emt 0:00:10]} 35. Nc4 {[%emt 0:00:10]} Bxh2 $2 {[%emt 0:00:10]} 36. Kxh2 {[%emt 0:00:10]} Qf4+ {[%emt 0:00:10]} (36... Qxd5 $142 37. Qe8+ Kg7 38. Qe7+ Qf7 39. Qxc5 h5 40. Qd4+ Kh7) 37. Kg1 {[%emt 0:00:10]} Qxc4 {[%emt 0:00:10]} 38. Qe8+ {[%emt 0:00:10]} Kg7 {[%emt 0:00:10]} 39. d6 {[%emt 0:00:10]} Qf4 {[%emt 0:00:10]} 40. d7 {[%emt 0:00:10]} Qc1+ {[%emt 0:00:10]} 41. Kf2 {[%emt 0:00:10]} Qf4+ {[%emt 0:00:10]} 42. Ke2 {[%emt 0:00:10]} Qg4+ {[%emt 0:00:10]} 43. Ke1 {[%emt 0:00:10]} Qh4+ {[%emt 0:00:10]} 44. Kd2 {[%emt 0:00:10]} Qf2+ {[%emt 0:00:10]} 45. Kd3 {[%emt 0:00:10]} Qf1+ {[%emt 0:00:10]} 46. Kc2 {[%emt 0:00:10]} Qxg2+ {[%emt 0:00:10]} 47. Kb3 {[%emt 0:00:10]} Qd5+ {[%emt 0:00:10]} 48. Ka3 {[%emt 0:00:10]} b5 {[%emt 0:00:10]} 49. axb5 {[%emt 0:00:10]} axb5 {[%emt 0:00:10]} 50. d8=Q {[%emt 0:00:10]} b4+ {[%emt 0:00:10]} 51. Ka4 {[%emt 0:00:10]} 1-0

[Event "9th Bangabandhu Team Mixed 2021"]
[Site "Dhaka"]
[Date "2021.04.04"]
[Round "1.12"]
[White "Parveen, Tanima"]
[Black "Sultana, Sharmin Shirin"]
[Result "1/2-1/2"]
[WhiteElo "1984"]
[BlackElo "2006"]
[Annotator "NA"]
[PlyCount "34"]
[EventDate "2021.04.04"]
[EventType "team-tourn"]
[EventCountry "BAN"]
[SourceTitle "playchess.com"]
[Source "ChessBase"]
[SourceQuality "1"]
[TimeControl "1500+10"]

1. e4 {[%emt 0:25:10]} c5 {[%emt 0:25:10]} 2. c3 {[%emt 0:00:10]} d5 {[%emt 0:00:10]} 3. exd5 {[%emt 0:00:10]} Qxd5 {[%emt 0:00:10]} 4. d4 {[%emt 0:00:10]} e6 {[%emt 0:00:10]} 5. Nf3 {[%emt 0:00:10]} Nf6 {[%emt 0:00:10]} 6. Be2 {[%emt 0:00:10]} Nc6 {[%emt 0:00:10]} 7. O-O {[%emt 0:00:10]} cxd4 {[%emt 0:00:10]} 8. cxd4 {[%emt 0:00:10]} Be7 {[%emt 0:00:10]} 9. Nc3 {[%emt 0:00:10]} Qd6 {[%emt 0:00:10]} 10. h3 {[%emt 0:00:10]} O-O {[%emt 0:00:10]} 11. a3 {[%emt 0:00:10]} b6 {[%emt 0:00:10]} 12. Be3 {[%emt 0:00:10]} Bb7 {[%emt 0:00:10]} 13. Rc1 {[%emt 0:00:10]} Rac8 {[%emt 0:00:10]} 14. b4 {[%emt 0:00:10]} Rfd8 {[%emt 0:00:10]} 15. Qb3 {[%emt 0:00:10]} h6 {[%emt 0:00:10]} 16. Rfd1 {[%emt 0:00:10]} Qb8 {[%emt 0:00:10]} 17. Bc4 {[%emt 0:00:10]} Bd6 {[%emt 0:00:10]} 1/2-1/2

[Event "9th Bangabandhu Team Mixed 2021"]
[Site "Dhaka"]
[Date "2021.04.04"]
[Round "1.12"]
[White "Afrin Jahan, Munia"]
[Black "Noshin, Anjum"]
[Result "*"]
[WhiteElo "1647"]
[BlackElo "1912"]
[Annotator "NA RC"]
[PlyCount "33"]
[EventDate "2021.04.04"]
[EventType "team-tourn"]
[EventCountry "BAN"]
[SourceTitle "playchess.com"]
[Source "ChessBase"]
[SourceQuality "1"]
[TimeControl "1500+10"]

1. e4 {[%emt 0:25:10]} c5 {[%emt 0:25:10]} 2. c3 {[%emt 0:00:10]} d5 {[%emt 0:00:10]} 3. exd5 {[%emt 0:00:10]} Qxd5 {[%emt 0:00:10]} 4. d4 {[%emt 0:00:10]} e6 {[%emt 0:00:10]} 5. Nf3 {[%emt 0:00:10]} Nf6 {[%emt 0:00:10]} 6. Be2 {[%emt 0:00:10]} Nc6 {[%emt 0:00:10]} 7. O-O {[%emt 0:00:10]} cxd4 {[%emt 0:00:10]} 8. cxd4 {[%emt 0:00:10]} Be7 {[%emt 0:00:10]} 9. Nc3 {[%emt 0:00:10]} Qd6 {[%emt 0:00:10]} 10. h3 {[%emt 0:00:10]} O-O {[%emt 0:00:10]} 11. a3 {[%emt 0:00:10]} b6 {[%emt 0:00:10]} 12. Be3 {[%emt 0:00:10]} Bb7 {[%emt 0:00:10]} 13. Rc1 {[%emt 0:00:10]} Rac8 {[%emt 0:00:10]} 14. b4 {[%emt 0:00:10]} Rfd8 {[%emt 0:00:10]} 15. Qb3 {[%emt 0:00:10]} h6 {[%emt 0:00:10]} 16. Rfd1 {[%emt 0:00:10]} Qb8 {[%emt 0:00:10]} 17. Bc4 {[%emt 0:00:10]} *